| 000 | 01790nam0a2200373 4500 | ||
|---|---|---|---|
| 001 | RU\NLR\bibl\792449 | ||
| 005 | 20260405152921.0 | ||
| 010 |
_a5-225-04072-1 _bв пер. _91000 |
||
| 021 |
_aRU _b2004-79090 _93902 |
||
| 035 | _aRSL-KNO-002555651 | ||
| 035 | _a(NLR Aleph) 000781679 | ||
| 090 |
_a1065992 _c1065992 |
||
| 100 | _a20041221d2004 |||y0rusy50 ca | ||
| 101 | 0 | _arus | |
| 102 | _aRU | ||
| 105 | _aa ||||||||| | ||
| 106 | _ar | ||
| 200 | 1 |
_aАнтибактериальные лекарственные средства _eметоды стандартизации препаратов _e[пособие _fакад., проф. В.Г. Кукес и др. _gред. совет: пред.- чл.-корр. РАМН Р. У. Хабриев] |
|
| 210 |
_aМ. _cМедицина _d2004 _gППП Тип. Наука |
||
| 215 |
_a942, [1] с. _cил., табл. _d22 |
||
| 606 | 1 |
_aАнтибактериальные препараты _9925212 _3RU\NLR\auth\6621085 |
|
| 610 | 0 | _aЗдравоохранение. Медицинские науки -- Фармакология. Фармация. Токсикология -- Фармакология -- Противомикробные средства -- Пособие для специалистов | |
| 686 |
_aР281.81,07 _2rubbk |
||
| 686 | _aР281.811 | ||
| 686 | _aР282.4 | ||
| 702 | 1 |
_4220 _8rus _7ca _aКукес _bВ. Г. _f1934- _gВладимир Григорьевич _3RU\NLR\auth\7763975 _946904 |
|
| 702 | 1 |
_4340 _8rus _7ca _aХабриев _bР.У. _f1953- _gРамиль Усманович _3RU\NLR\auth\7738081 _921068 |
|
| 801 | 0 |
_aRU _bRuMoRKP _c20041221 _grcr |
|
| 801 | 1 |
_aRU _bRuMoRGB _c20041221 |
|
| 801 | 2 |
_aRU _bNLR _c20050425 _gPSBO |
|
| 830 | _aСост. по базе | ||
| 942 | _cBOOK | ||
| 980 | _aNB | ||